Fraude de seguros (Registro nro. 161073)
[ vista simple ]
| 000 -LEADER | |
|---|---|
| fixed length control field | 01296aam a22002894a 4500 |
| 008 - FIXED-LENGTH DATA ELEMENTS--GENERAL INFORMATION | |
| fixed length control field | 070827s2004 cl b 000 0dspa |
| 020 ## - INTERNATIONAL STANDARD BOOK NUMBER | |
| International Standard Book Number | 9789561017344 |
| 035 ## - | |
| -- | 5807 |
| 040 ## - CATALOGING SOURCE | |
| Original cataloging agency | DLC |
| Transcribing agency | DLC |
| Modifying agency | vLex |
| 043 ## - | |
| -- | s-cl--- |
| 090 ## - | |
| -- | 2653 |
| -- | 2653 |
| 100 1# - MAIN ENTRY--PERSONAL NAME | |
| Personal name | Piña Rochefort, Juan Ignacio. |
| 245 10 - TITLE STATEMENT | |
| Title | Fraude de seguros |
| Medium | [Recurso electrónico] : |
| Remainder of title | cuestiones penales y de técnica legislativa / |
| Statement of responsibility, etc | Juan Ignacio Piña Rochefort ; con la colaboración de Felipe Julio Orrego. |
| 256 ## - | |
| -- | Servicio en línea. |
| 260 ## - PUBLICATION, DISTRIBUTION, ETC. (IMPRINT) | |
| Place of publication, distribution, etc | Santiago, Chile : |
| Name of publisher, distributor, etc | Editorial Juridica de Chile, |
| Date of publication, distribution, etc | 2009. |
| 300 ## - PHYSICAL DESCRIPTION | |
| Extent | 1 recurso electrónico |
| 490 0# - SERIES STATEMENT | |
| Series statement | Estudios Jurídicos |
| 504 ## - BIBLIOGRAPHY, ETC. NOTE | |
| Bibliography, etc | Incluye referencias bibliográficas (p. 197-204). |
| 506 1# - RESTRICTIONS ON ACCESS NOTE | |
| Terms governing access | Contenido solo disponible en los productos indicados |
| Authorized users | vLex Global |
| -- | vLex Global (Academic Edition, excluding Law Schools) |
| -- | vLex Global (U.S. Academic Edition, Law Schools) |
| -- | vLex Global (U.S. Academic Edition, excluding Law Schools) |
| -- | vLex Global (Academic Edition, Law Schools) |
| 650 04 - SUBJECT ADDED ENTRY--TOPICAL TERM | |
| Topical term or geographic name as entry element | Fraude en los seguros |
| Geographic subdivision | Chile |
| 700 1# - ADDED ENTRY--PERSONAL NAME | |
| Personal name | Orrego, Felipe J. |
| 740 0# - | |
| -- | vLex Libros (Servicio en línea) |
| 830 #0 - | |
| -- | Estudios Jurídicos |
| 856 40 - LOCALIZACIÓN Y ACCESO ELECTRÓNICO | |
| Identificador Uniforme del Recurso (URI/URL) | https://app.vlex.com/#/sources/fraude-seguros-5807 |
| 942 ## - | |
| -- | RAA |
| 999 ## - | |
| -- | 161073 |
| -- | 161073 |
No hay ítems disponibles.